LIBRARY ONLINE CATALOGUE

Microbial physiology and biochemistry laboratory : (Record no. 6682)

MARC details
000 -LEADER
fixed length control field 00695cam a22002172 4500
001 - CONTROL NUMBER
control field 0000004849
005 - DATE AND TIME OF LATEST TRANSACTION
control field 20151217151942.0
008 - FIXED-LENGTH DATA ELEMENTS--GENERAL INFORMATION
fixed length control field 070530s xx 000 0 eng d
020 ## - INTERNATIONAL STANDARD BOOK NUMBER
International Standard Book Number 0195113136 :
Terms of availability KES 2,546
040 ## - CATALOGING SOURCE
Original cataloging agency KABU
Transcribing agency KABU
050 #0 - LIBRARY OF CONGRESS CALL NUMBER
Classification number QR88
Item number .W45
100 1# - MAIN ENTRY--PERSONAL NAME
Personal name White, David.
-- 0000155720
245 10 - TITLE STATEMENT
Title Microbial physiology and biochemistry laboratory :
Remainder of title a quantitative approach /
Statement of responsibility, etc. David White, G. D. Hegeman.
260 ## - PUBLICATION, DISTRIBUTION, ETC. (IMPRINT)
Place of publication, distribution, etc. New York :
Name of publisher, distributor, etc. OUP,
Date of publication, distribution, etc. 1998.
300 ## - PHYSICAL DESCRIPTION
Extent xi, 161 p.
650 #0 - SUBJECT ADDED ENTRY--TOPICAL TERM
Topical term or geographic name as entry element Microbial metabolism
Form subdivision Laboratory manual.
-- 0000155721
700 1# - ADDED ENTRY--PERSONAL NAME
Personal name Hegeman, G. D.
-- 0000155722
908 ## - PUT COMMAND PARAMETER (RLIN)
Put command parameter 070530
950 ## - LOCAL HOLDINGS (RLIN)
-- 1
Holdings
Withdrawn status Lost status Source of classification or shelving scheme Not for loan Home library Current library Date acquired Total Checkouts Full call number Barcode Date last seen Price effective from Koha item type
    Library of Congress Classification   Kabarak, Main Campus Kabarak, Main Campus 17/12/2015   QR88 .W45 006572 17/12/2015 17/12/2015 General Collection